02766nam a22002177a 4500003000400000005001700004008004100021020001500062040001300077082001300090100003700103245010600140260004200246300003900288500196900327650002702296650004502323942001502368999001702383952014802400OSt20230725145556.0230725b ||||| |||| 00| 0 spa d a8440202199 cCO-MqBPB aANbSCOn aScott, Walter, Sir, d1771-1832. a La novia de Lammermoor / cWalter Scott ; traducción prólogo y notas de Rafael Vázquez Zamora. aBarcelona : bEdiciones Orbis,c1988. a299 páginas;bTapa Dura,c20 cm. aPara muchos «La novia de Lammermoor» es una de las obras más interesantes de Scott. Viajamos de la mano de Scott al siglo XVIII y nos encontramos con una historia en la que venganza, misterio y desamor se dan la mano para formular la punta de la intriga y desvelarnos una inquietante y, a la vez, jugosísima historia. Lo interesante de esta historia, al igual que otras de Scott como «la hija de la niebla» es que pese a relatar hechos ciertos, extraños y significativos para la historia, puede leerse como mera ficción y resulta absolutamente atrapante. En «La novia de Lammermoor» nos encontramos con una novela histórica en la que Scott se abraza a un género muy popular en la época, el drama entre familias, para contarnos una parte importante de la historia de Escocia, en los siglos XVII y XVIII. El protagonista de esta historia, Master de Ravenswood, está enamorado de una joven que pertenece a una familia enemistada con él. La joven se llama Lucy Ashton y es hija de Lord Keeper, que se cree que ha sido el asesino del padre de Ravenswood. Keeper conoce las intenciones del joven de vengar la muerte de su padre y enterado del romance que ha surgido entre los dos jóvenes elabora el plan de ayudarlos, porque ve en esa relación la salvación a su propia muerte; si Ravenswood se casa con su hija olvidará la promesa de matar al asesino de su padre, por amor. Sin embargo, las cosas no serán tan sencillas, pese al amor que los dos jóvenes se profesan y también a su propia intención de unirlos en matrimonio, su esposa no está de acuerdo. La figura de Lady Asthin, madre de la joven, se presenta como el gran inconveniente para que triunfe el amor. Pese a los intentos por evadir sus contras, incluso intentando una fuga en secreto, la ira de esta mujer se mostrará implacable y guiará la historia hacia un territorio farragoso que la hacen pasar de un drama romántico a una novela casi de supervivencia. aNovela escocesa,xAmor 2Novela romanticismoxHechos históricos 2ddccBKLIT c14958d14958 00102ddc40708LAaBPMOSbBPMOScFICd2023-07-25eDonación 2023l0oAN SCOnpMOS503230r2023-07-25tEj. 1w2023-07-25yBKLITzQuince días